Quiz sur le football anglais - Statistiques

Statistiques générales
  • Ce quiz a été pris 1 300 fois
  • Le résultat moyen est 15 sur 21
Statistiques - réponses
Question Réponse % Correct
Équipe resté invaincu lors de la saison 2003-2004 Arsenal
93%
Club qui crée la surprise en remportant la Premier League en 2016 Leicester City
93%
Stade principal de la sélection Wembley
87%
Meilleurs buteurs de la sélection à égalité (au 1er janvier 2023) Harry Kane
85%
Milieu anglais, joueur emblématique de Chelsea Frank Lampard
84%
Combien de titres de Premier League ont été remportés par Manchester United ? 20
81%
Récompense obtenue grâce à cette performance Trophée en or
81%
La Premier League anglaise est composée d'équipes de 2 nations, l'Angleterre et ? Pays de Galles
80%
Surnom de la sélection anglaise The Three Lions
79%
Quels clubs s'affrontent lors du derby du Merseyside ? Liverpool
76%
Année de la victoire en coupe du monde 1966
74%
Qui marqua ce fameux but ? Kun Agüero
74%
A quelle année le dernier titre de Manchester United remonte-t-il ? 2013
71%
Quels clubs s'affrontent lors du derby du Merseyside ? Everton
69%
Meilleurs buteurs de la sélection à égalité (au 1er janvier 2023) Wayne Rooney
68%
Citez les deux équipes ayant éliminé l'Angleterre en demis-finale de coupe du monde Allemagne de l'Ouest
62%
Nom du stade de Chelsea Stamford Bridge
61%
Joueur anglais ayant disputé 758 matchs avec Manchester United entre 1956 et 1973 Bobby Charlton
50%
Citez les deux équipes ayant éliminé l'Angleterre en demis-finale de coupe du monde Croatie
50%
Contre quelle équipe Manchester City a-t-il remporté le titre dans les dernières secondes en 2012 ? Queens Park Rangers
50%
Joueur le plus capé de la sélection Peter Shilton
6%
Aucun quiz correspondant
Distribution des résultats
% des personnes avec chaque résultat
Percentile par nombre de réponses
Votre historique - résultats
Vous n’avez pas pris ce quiz